Medaliści igrzysk olimpijskich w piłce nożnej - Statystyki

Ogólne statystyki
  • Ten quiz został rozwiązany 81 razy
  • Średni wynik to 72 z 84
Statystyki odpowiedzi
Rok i miejsce, Medal Reprezentacja % Poprawnych
2016, Rio de Janeiro Złoto Brazylia
100%
2021, Tokio Złoto Brazylia
100%
1984, Los Angeles Srebro Brazylia
100%
1988, Seul Srebro Brazylia
100%
2012, Londyn Srebro Brazylia
100%
1996, Atlanta Brąz Brazylia
100%
2008, Pekin Brąz Brazylia
100%
1992, Barcelona Złoto Hiszpania
100%
2024, Paryż Złoto Hiszpania
100%
1920, Antwerpia Srebro Hiszpania
100%
2000, Sydney Srebro Hiszpania
100%
2021, Tokio Srebro Hiszpania
100%
2004, Ateny Złoto Argentyna
98%
2008, Pekin Złoto Argentyna
98%
1928, Amsterdam Srebro Argentyna
98%
1996, Atlanta Srebro Argentyna
98%
1972, Monachium Złoto Polska
98%
1976, Montreal Srebro Polska
98%
1992, Barcelona Srebro Polska
98%
1904, St Louis Srebro Stany Zjednoczone
95%
1904, St Louis Brąz Stany Zjednoczone
95%
1984, Los Angeles Złoto Francja
94%
1900, Paryż Srebro Francja
94%
2024, Paryż Srebro Francja
94%
2016, Rio de Janeiro Srebro Niemcy
94%
1964, Tokio Brąz Wspólna Reprezentacja Niemiec
92%
1908, Londyn Brąz Holandia
92%
1912, Sztokholm Brąz Holandia
92%
1920, Antwerpia Brąz Holandia
92%
1948, Londyn Złoto Szwecja
91%
1924, Paryż Brąz Szwecja
91%
1952, Helsinki Brąz Szwecja
91%
1936, Berlin Złoto Włochy
91%
1928, Amsterdam Brąz Włochy
91%
2004, Ateny Brąz Włochy
91%
2012, Londyn Złoto Meksyk
89%
2021, Tokio Brąz Meksyk
89%
1924, Paryż Złoto Urugwaj
88%
1928, Amsterdam Złoto Urugwaj
88%
1952, Helsinki Złoto Węgry
88%
1964, Tokio Złoto Węgry
88%
1968, Meksyk Złoto Węgry
88%
1972, Monachium Srebro Węgry
88%
1960, Rzym Brąz Węgry
88%
1900, Paryż Złoto Wielka Brytania
88%
1908, Londyn Złoto Wielka Brytania
88%
1912, Sztokholm Złoto Wielka Brytania
88%
1920, Antwerpia Złoto Belgia
86%
1900, Paryż Brąz Belgia
86%
1968, Meksyk Brąz Japonia
86%
1904, St Louis Złoto Kanada
85%
1960, Rzym Złoto Jugosławia
83%
1948, Londyn Srebro Jugosławia
83%
1952, Helsinki Srebro Jugosławia
83%
1956, Melbourne Srebro Jugosławia
83%
1984, Los Angeles Brąz Jugosławia
83%
1956, Melbourne Złoto Związek Radziecki
83%
1988, Seul Złoto Związek Radziecki
83%
1972, Monachium Brąz Związek Radziecki
83%
1976, Montreal Brąz Związek Radziecki
83%
1980, Moskwa Brąz Związek Radziecki
83%
1996, Atlanta Złoto Nigeria
82%
2008, Pekin Srebro Nigeria
82%
2016, Rio de Janeiro Brąz Nigeria
82%
1980, Moskwa Złoto Czechosłowacja
78%
1964,Tokio Srebro Czechosłowacja
78%
1936, Berlin Srebro Austria
77%
1924, Paryż Srebro Szwajcaria
77%
1936, Berlin Brąz Norwegia
75%
1908, Londyn Srebro Dania
72%
1912, Sztokholm Srebro Dania
72%
1960, Rzym Srebro Dania
72%
1948, Londyn Brąz Dania
72%
2000, Sydney Brąz Chile
71%
2012, Londyn Brąz Korea Południowa
71%
2024, Paryż Brąz Maroko
68%
1976, Montreal Złoto Wschodnie Niemcy
68%
1980, Moskwa Srebro Wschodnie Niemcy
68%
1968, Meksyk Srebro Bułgaria
60%
1956, Melbourne Brąz Bułgaria
60%
2000, Sydney Złoto Kamerun
58%
1988, Seul Brąz Zachodnie Niemcy
54%
1992, Barcelona Brąz Ghana
46%
2004, Ateny Srebro Paragwaj
40%
Nie znaleziono quizów pasujących do podanych kryteriów
Rozkład punktacji
Procent ludzi z każdym wynikiem
Percentyl według liczby udzielonych odpowiedzi
Twoja historia wyników
Nie rozwiązałeś tego quizu